Statistics for LCD Soundsystem songs

Click here to take the quiz!

General Stats

  • This quiz has been taken 6 times
  • The average score is 30 of 58

Answer Stats

AlbumAnswer% Correct
Sound of SilverAll My Friends
100%
American Dreamamerican dream
100%
LCD SoundsystemDaft Punk Is Playing at My House
100%
This Is HappeningDance Yrself Clean
100%
This Is HappeningDrunk Girls
100%
SingleLosing My Edge
100%
Sound of SilverNew York, I Love You, But You're Bringing Me Down
100%
American Dreamoh baby
100%
Sound of SilverSomeone Great
100%
Sound of SilverSound of Silver
100%
Sound of SilverUs V Them
100%
45:3345:33
75%
Sound of SilverGet Innocuous!
75%
This Is HappeningI Can Change
75%
Sound of SilverNorth American Scum
75%
This Is HappeningPow Pow
75%
This Is HappeningSomebody's Calling Me
75%
Sound of SilverTime to Get Away
75%
Sound of SilverWatch the Tapes
75%
SingleYeah
75%
This Is HappeningYou Wanted a Hit
75%
This Is HappeningAll I Want
50%
American Dreamblack screen
50%
American Dreamcall the police
50%
American Dreamemotional haircut
50%
LCD SoundsystemGreat Release
50%
This Is HappeningHome
50%
LCD SoundsystemMovement
50%
This Is HappeningOne Touch
50%
American Dreamtonite
50%
LCD SoundsystemTribulations
50%
SingleYr City's a Sucker
50%
SingleBeat Connection
25%
SingleBig Ideas
25%
Single/CoverBye Bye Bayou
25%
American Dreamchange yr mind
25%
Singlechristmas will break your heart
25%
LCD SoundsystemDisco Infiltrator
25%
Confuse the MarketplaceFreak Out/Starry Eyes
25%
SingleGive It Up
25%
Confuse the MarketplaceHippie Priest Bum-Out
25%
American Dreamhow do you sleep?
25%
American Dreami used to
25%
SingleI Want Your Love
25%
CoverJump into the Fire
25%
LCD SoundsystemNever as Tired as When I'm Waking Up
25%
Singlenew body rhumba
25%
CoverNo Love Lost
25%
SingleOh You (Christmas Blues)
25%
LCD SoundsystemOn Repeat
25%
American Dreamother voices
25%
SinglePulse (v.1)
25%
CoverSlowdive
25%
LCD SoundsystemThrills
25%
SingleTired
25%
LCD SoundsystemToo Much Love
25%
Single/Cover(We Don't Need This) Fascist Groove Thang
25%
SingleThrow
0%

Score Distribution

Percentile by Number Answered

Percent of People with Each Score

Your Score History

You have not taken this quiz